| 000 | 01592nam0a22003611 4500 | ||
|---|---|---|---|
| 001 | v19\rc\1676408 | ||
| 005 | 20061002144315.9 | ||
| 035 | _a(NLR Aleph) 004783035 | ||
| 090 |
_a4682439 _c4682439 |
||
| 100 | _a20061002d1894 |||y0rusy50 ca | ||
| 101 | 0 | _arus | |
| 102 | _aRU | ||
| 105 | _aa z |||c| | ||
| 200 | 1 |
_aОчерки памятников православной иконографии и искусства _f[Соч.] Н. Покровского, [орд.-проф. ...] |
|
| 210 |
_aСанкт-Петербург _cтип. А. Катанского и К° _d1894 |
||
| 215 |
_a[6], XVI, 327 с., 9 л. ил. _cил. _d24 |
||
| 300 | _aВо 2-м изд. загл.: Очерки памятников христианской иконографии и искусства | ||
| 320 | _aБиблиогр.: "Указатель важнейших сочинений о памятниках иконографии древне-христианских и византийских" (с. 321-326) | ||
| 517 | 0 | _aОчерки памятников христианской иконографии и искусства | |
| 700 | 1 |
_aПокровский _bН. В. _f1848-1917 _gНиколай Васильевич |
|
| 801 | 0 |
_aRU _bNLR _gpsbo |
|
| 801 | 0 |
_aRU _bRuMoRGB _2psbo |
|
| 801 | 1 |
_aRU _bProSoft-M _2rusmarc |
|
| 852 |
_aNLR _j18.230.7.68 |
||
| 852 |
_aNLR _j127/1035 |
||
| 899 |
_aRuMoRGB _jA 218/443 |
||
| 899 |
_aRuMoRGB _jU 413/327 |
||
| 899 |
_aRuMoRGB _j801-94/9302-9 |
||
| 899 | _aБАН | ||
| 899 | _aНБ СПбГУ | ||
| 899 | _aГПИБ | ||
| 942 | _cBOOK | ||
| 980 | _aNB | ||